Welcome to the Holygrace Academy Library

Please use search bar below to get started

THE FINAL MOVE BEYOND IRAQ (Record no. 1621)

MARC details
000 -LEADER
fixed length control field 00336nam a22001457a 4500
020 ## - INTERNATIONAL STANDARD BOOK NUMBER
ISBN 978-1-59979-188-4
082 ## - DEWEY DECIMAL CLASSIFICATION NUMBER
Classification number 900
Item number EVA/F
100 ## - MAIN ENTRY--AUTHOR NAME
Personal name EVANS, MIKE
245 ## - TITLE STATEMENT
Title THE FINAL MOVE BEYOND IRAQ
250 ## - EDITION STATEMENT
Edition statement FIRST EDITION
260 ## - PUBLICATION, DISTRIBUTION, ETC. (IMPRINT)
Place of publication FLORIDA
Name of publisher FRONTLINE
Year of publication 2007
300 ## - PHYSICAL DESCRIPTION
Number of Pages 348
650 ## - SUBJECT ADDED ENTRY--TOPICAL TERM
Topical Term HISTORY REFERENCE
Geographic subdivision INDIA
942 ## - ADDED ENTRY ELEMENTS (KOHA)
Koha item type Books
Holdings
Withdrawn status Lost status Collection code Home library Current library Shelving location Date acquired Source of acquisition Full call number Accession Number Koha item type
    Reference Main Library Main Library SHELF-5 H REFERENCE SOCIAL SCIENCE 22/04/2013 purchase 900 EVA/F 03479 Books